| 000 | 00337ncm a2200145 a 4500 | ||
|---|---|---|---|
| 020 | _a0752900757 | ||
| 082 |
_a398.8 _bGRE |
||
| 245 | 1 |
_aNursery Rhymes : _bpciture book |
|
| 260 |
_aCHINA. _c1995 |
||
| 300 | _a410p. | ||
| 526 |
_a0 _b0 _c0 _d398_800000000000000_GRE |
||
| 650 |
_aMCE _9379 |
||
| 650 |
_aRhymes _946913 |
||
| 942 |
_2ddc _cBK |
||
| 999 |
_c550192 _d550192 |
||